Work-Life Support in the European Workplace bakalárska práca

Enregistré dans:
Détails bibliographiques
Auteur principal: Štermenská, Lucia
Collectivité auteur: Fakulta aplikovaných jazykov EU v Bratislave. Katedra interkultúrnej komunikácie
Autres auteurs: Kapráliková, Ivana, 1974-
Format: Livre
Langue:anglais
Publié: Bratislava 2017
Tags: Ajouter un tag
Pas de tags, Soyez le premier à ajouter un tag!

MARC

LEADER 00000nbm a2200000 4500
001 0231439
005 20180215145029.2
041 0 |a eng 
044 |a SK 
245 1 0 |a Work-Life Support in the European Workplace  |b bakalárska práca  |c Lucia Štermenská ; školiteľ: Ivana Kapráliková 
264 1 |a Bratislava  |c 2017 
300 |a 54 s. 
100 1 |a Štermenská, Lucia 
700 1 |a Kapráliková, Ivana, 1974- 
710 2 |a Fakulta aplikovaných jazykov EU v Bratislave. Katedra interkultúrnej komunikácie